000
00291nam a22001337a 4500
008
181015b xxu||||| |||| 00| 0 eng d
020
_a
9780071760577
041
_a
eng
080
_a
370
100
_a
49
101
_a
EDU
245
_a
Writing And Gramm
_c
William.C.P
942
_2
udc
_c
BK
999
_c
49760
_d
49760